Catalog

Record Details

Catalog Search



Sid the science kid. Sid wings it! / The Jim ... Read More

Jim Henson Company.(Added Author). PBS for Kids.(Added Author). ... Read More

Available copies

  • 1 of 1 copy available at LARL/NWRL Consortium.
  • 1 of 1 copy available at Northwest Regional Library. (Show preferred library)

Current holds

0 current holds with 1 total copy.

Show Only Available Copies
Location Call Number / Copy Notes Barcode Shelving Location Status Due Date
Roseau Public Library DVD j SID (Text) 35500005557085 Main Available -

Record details

  • Physical Description: 1 videodisc (ca. 90 min.) : sd., col. ; 4 3/4 in.
  • Publisher: [United States] : NCircle Entertainment, c2013.

Content descriptions

General Note:
Originally broadcast as single episodes of a television program.
Formatted Contents Note:
Sid wings it -- The amazing computer science tool ... Read More
Summary, etc.:
Join Sid on his biggest adventure yet; learning ... Read More
System Details Note:
DVD.
Language Note:
English or Spanish dialogue.
Subject: Flight > Juvenile films.
Birds > Juvenile films.
School field trips > Juvenile films.
DVDs.
Genre: Children's television programs.
Animated television programs.
LDR 01897cgm a2200421Ia 4500
001258374
003LARL_NWRL_CONSORTIUM
00520170620194453.0
007vd cvaizq
008130620s2013 xxu090 j vaeng d
0241 . ‡a843501006658
02842. ‡a100665 ‡bNCircle Entertainment
035 . ‡a(OCoLC)849656856
037 . ‡bMidwest Tape ‡nhttp://www.midwesttapes.com
040 . ‡aTEFMT ‡cTEFMT ‡dTEF ‡dOJ4 ‡dVP@ ‡dGZD
0411 . ‡aeng ‡aspa ‡heng
08204. ‡a791.45/75 ‡223
24500. ‡aSid the science kid. ‡pSid wings it! / ‡cThe Jim Henson Company, PBS Kids.
2461 . ‡iAt head of title ‡aJim Henson's
24630. ‡aSid wings it!
260 . ‡a[United States] : ‡bNCircle Entertainment, ‡cc2013.
300 . ‡a1 videodisc (ca. 90 min.) : ‡bsd., col. ; ‡c4 3/4 in.
538 . ‡aDVD.
546 . ‡aEnglish or Spanish dialogue.
500 . ‡aOriginally broadcast as single episodes of a television program.
520 . ‡aJoin Sid on his biggest adventure yet; learning how to fly like a bird! While at home, Sid creates cardboard wings hoping that once he wears them he can soar in the sky like birds do! Unfortunately, his flight plans don't work out. This calls for an investigation! Once at school, teacher Susie announces that the class is going on a special field trip to learn all about flight at the Science Center!
50500. ‡tSid wings it -- ‡tThe amazing computer science tool -- ‡tThe big cheese -- ‡tSid engineers a solution.
650 0. ‡aFlight ‡vJuvenile films.
650 0. ‡aBirds ‡vJuvenile films.
650 0. ‡aSchool field trips ‡vJuvenile films.
650 0. ‡aDVDs. ‡0(LARL_NWRL_CONSORTIUM)41422
655 7. ‡aChildren's television programs. ‡2lcgft ‡0(LARL_NWRL_CONSORTIUM)175766
655 7. ‡aAnimated television programs. ‡2lcgft ‡0(LARL_NWRL_CONSORTIUM)175705
7102 . ‡aJim Henson Company. ‡0(LARL_NWRL_CONSORTIUM)156547
7102 . ‡aPBS for Kids. ‡0(LARL_NWRL_CONSORTIUM)145094
7102 . ‡aNCircle Entertainment. ‡0(LARL_NWRL_CONSORTIUM)213892
7300 . ‡aSid the science kid (Television program)
901 . ‡a258374 ‡b ‡c258374 ‡tbiblio

Additional Resources